Antara Airmata Dan Ketawa : Kalsom Masri
| Main Author: | |
|---|---|
| Format: | Book |
| Published: |
Klang :
Pustaka Mawar ,
1996
|
| Series: | Siri Novel Perantauan
|
MARC
| LEADER | 00000cam a2200000 7i4500 | ||
|---|---|---|---|
| 001 | 0000007105 | ||
| 002 | 000007647 | ||
| 005 | 20000330.0 | ||
| 020 | |a 9838751385 | ||
| 090 | 0 | 0 | |a JF |b KAL |
| 100 | 0 | |a Kalsom Masri | |
| 245 | 0 | 0 | |a Antara Airmata Dan Ketawa : |b Kalsom Masri |
| 260 | |a Klang : |b Pustaka Mawar , |c 1996 | ||
| 300 | |a 89p. ; |c 21cm. | ||
| 490 | 0 | |a Siri Novel Perantauan | |
| 999 | |a 054605 |b BUKU |c PINJAMAN |e PERPUSTAKAAN KOMUNITI CAW KOTA DAMANSARA | ||